|
|
|
|
| LEADER |
01772nam a2200337 a 4500 |
| 001 |
16124017 |
| 008 |
100308s2010 inua 001 0 eng d |
| 010 |
|
|
|a 2010005894
|
| 015 |
|
|
|a GBA9A8833
|2 bnb
|
| 016 |
7 |
|
|a 015415252
|2 Uk
|
| 020 |
|
|
|a 9780789743213
|
| 020 |
|
|
|a 0789743213
|
| 040 |
|
|
|a DLC
|c DLC
|d YDX
|d BTCTA
|d UKM
|d YDXCP
|d BWX
|d DLC
|d BD-DhAAL
|
| 050 |
0 |
0 |
|a HF5415.1265
|b .L4813 2010
|
| 082 |
0 |
0 |
|a 658.8/72
|2 22
|
| 100 |
1 |
|
|a Levy, Justin R.
|q (Justin Robert)
|
| 245 |
1 |
0 |
|a Facebook marketing :
|b designing your next marketing campaign /
|c Justin R. Levy.
|
| 250 |
|
|
|a 2nd ed.
|
| 260 |
|
|
|a Indianapolis, Ind. :
|b Que,
|c c2010.
|
| 300 |
|
|
|a xvi, 195 p. :
|b ill. ;
|c 23 cm.
|
| 500 |
|
|
|a Includes index.
|
| 500 |
|
|
|a "Completely revised and updated!"--Cover.
|
| 541 |
1 |
|
|e 00021938
|
| 505 |
0 |
|
|a From dorm room to boardroom : the growth of social networks -- Getting around Facebook : the basics -- Establishing a corporate presence -- Extending Facebook into the interwebs : the power and reach of Facebook connect -- Facebook advertising : how and why you should be using it -- Extending the experience with Facebook apps -- Addressing privacy concerns -- Developing a Facebook marketing strategy -- Using facebook to develop communities -- Best in class -- Shaking the crystal ball : what's next for Facebook.
|
| 650 |
|
0 |
|a Internet marketing.
|
| 650 |
|
0 |
|a Internet advertising.
|
| 650 |
|
0 |
|a Social networks
|x Computer network resources.
|
| 630 |
0 |
0 |
|a Facebook (Electronic resource)
|
| 852 |
|
|
|a Ayesha Abed Library
|c General Shelf.
|
| 999 |
|
|
|c 10467
|d 10467
|
| 952 |
|
|
|0 0
|1 0
|2 ddc
|4 0
|6 658_872000000000000_LEV
|7 0
|9 14411
|a BRACUL
|b BRACUL
|c GEN
|d 2011-02-23
|e Development Book Agency
|g 2000.00
|l 13
|m 102
|o 658.872 LEV
|p 3010021938
|r 2020-03-09
|s 2020-02-12
|t 1
|w 2011-02-23
|y BK
|